[Event "Hampstead op U2200 07"]
[Site "Hampstead"]
[Date "2013.07.21"]
[Round "5"]
[White "Ivanov, George"]
[Black "Sagues, Vincent"]
[Result "1-0"]
[WhiteElo "1739"]
[BlackElo "1939"]
[PlyCount "165"]
[EventDate "2013.07.20"]
[EventType "swiss"]
[EventRounds "5"]
[EventCountry "ENG"]
[SourceTitle "EXT 2023"]
[Source "ChessBase"]
[SourceDate "2022.10.05"]
[SourceVersion "1"]
[SourceVersionDate "2022.10.05"]
[SourceQuality "1"]

1. e4 e6 2. d4 d5 3. exd5 exd5 4. Bd3 Bd6 5. h3 Ne7 6. Nf3 0-0 7. 0-0 c6 8. c3 Bf5 9. Bxf5 Nxf5 10. Qd3 g6 11. Bg5 f6 12. Bd2 Nd7 13. c4 dxc4 14. Qxc4+ Kg7 15. Nc3 Nb6 16. Qb3 Bc7 17. Rad1 Re8 18. Rfe1 Qd7 19. Ne4 Qf7 20. Qc2 Rad8 21. Bc3 Nd5 22. Bd2 Bb8 23. g4 Nd6 24. Nc5 g5 25. Bxg5 fxg5 26. Nxg5 Qg6 27. Nge6+ Kg8 28. Qxg6+ hxg6 29. Nxd8 Rxd8 30. Re6 Nf4 31. Rf6 Ne8 32. Rxf4 Bxf4 33. Ne6 Bc7 34. Nxd8 Bxd8 35. Re1 Kf7 36. Kg2 Bf6 37. Rd1 Nc7 38. f4 Nd5 39. Kf3 Ke6 40. Ke4 Bg7 41. h4 Nf6+ 42. Kf3 Kd5 43. g5 Nh5 44. b3 Bxd4 45. Re1 Ng7 46. Re7 b5 47. Kg4 a5 48. Rd7+ Ke4 49. Rd6 c5 50. Rxg6 c4 51. bxc4 bxc4 52. Rc6 Kd5 53. Rc8 c3 54. f5 Bc5 55. f6 Ne6 56. g6 c2 57. g7 c1Q 58. g8Q Qf4+ 59. Kh3 Qf3+ 60. Kh2 Qf2+ 61. Qg2+ Qxg2+ 62. Kxg2 Ke5 63. f7 Ba3 64. Ra8 Bb4 65. a3 Be7 66. Rxa5+ Kf6 67. a4 Kxf7 68. Ra7 Kf6 69. Kg3 Bc5 70. Ra6 Kf5 71. h5 Be3 72. a5 Bf4+ 73. Kf3 Ng5+ 74. Ke2 Nf7 75. h6 Be5 76. Rb6 Ke4 77. Re6 Kd5 78. Re7 Nh8 79. Rxe5+ Kxe5 80. a6 Kf6 81. a7 Kg6 82. a8Q Nf7 83. Qg8+ 1-0

[Event "Hampstead op U2200 05"]
[Site "Hampstead"]
[Date "2013.05.19"]
[Round "4"]
[White "Ivanov, George"]
[Black "Hayward, Alan"]
[Result "0-1"]
[WhiteElo "1701"]
[BlackElo "1960"]
[PlyCount "92"]
[EventDate "2013.05.18"]
[EventType "swiss"]
[EventRounds "5"]
[EventCountry "ENG"]
[SourceTitle "EXT 2014"]
[Source "ChessBase"]
[SourceDate "2013.11.20"]
[SourceVersion "1"]
[SourceVersionDate "2013.11.20"]
[SourceQuality "1"]

1. e4 d5 2. exd5 Nf6 3. Nc3 c6 4. d4 cxd5 5. h3 Nc6 6. Nf3 Bf5 7. Bb5 a6 8. Bxc6+ bxc6 9. Ne5 Qb6 10. 0-0 e6 11. Re1 Bd6 12. Qf3 Bxc2 13. Bg5 Bxe5 14. dxe5 Ne4 15. Nxe4 Bxe4 16. Qa3 c5 17. Rac1 Qb4 18. Re3 Qxa3 19. Rxa3 c4 20. f3 Bd3 21. g4 Kd7 22. f4 Rhb8 23. b3 cxb3 24. axb3 Rb4 25. Rc3 Bb5 26. f5 Re4 27. Re3 Rxe3 28. Bxe3 Rc8 29. b4 Rc4 30. Bc5 Re4 31. Bd6 d4 32. Kf2 d3 33. Ra2 Kc6 34. Kf3 Kd5 35. h4 Rc4 36. Ke3 Rxg4 37. h5 exf5 38. Rf2 f4+ 39. Kf3 Rh4 40. Bc7 Rxh5 41. Kxf4 g6 42. Ke3 Rf5 43. Rxf5 gxf5 44. Kd2 h5 45. Bd6 h4 46. Bc7 h3 0-1